00301pab a2200121 454500008003600000100002100036245002500057362001900082650002700101650002100128650001800149773001200167180718b xxu||||| |||| 00| 0 eng d aGupta Ram Charan aWelfarist priorities a28 Oct 93, p.4 a Government Enterprise a Health Services aPublic Sector aPatriot